| 000 | 01135cam a22002657a 4500 | ||
|---|---|---|---|
| 999 |
_c233262 _d233262 |
||
| 001 | 15975705 | ||
| 003 | Nust | ||
| 005 | 20170306113152.0 | ||
| 008 | 091106s2009 nyua b 001 0 eng d | ||
| 010 | _a 2009497122 | ||
| 020 | _a81-7473-363-9 | ||
| 040 |
_aDLC _cASAB _dDLC |
||
| 050 | 0 | 0 |
_aHD9999.B442 _bI53 2009 |
| 082 | 0 | 0 |
_a660.602/72 _222 |
| 245 | 0 | 0 |
_aIndustrial biotechnology : _cDr. Kavita |
| 260 |
_aNew York : _bNova Science Publishers, _cc2009. |
||
| 300 |
_aviii, 385 P. : _bill. (some col.) ; _c23 cm. |
||
| 490 | 0 | _aBiotechnology in agriculture, industry and medicine series | |
| 504 | _aIncludes bibliographical references (p. [65]-71) and index. | ||
| 650 | 0 |
_aBiotechnology _vPatents. |
|
| 650 | 0 | _aBiotechnology industries. | |
| 700 | 1 | _aLinton, Katherine. | |
| 906 |
_a7 _bcbc _ccopycat _d2 _encip _f20 _gy-gencatlg |
||
| 942 |
_2ddc _cBK |
||